00941 a2200145 4500001000700000040003200007100001500039245002800054250001000082260001800092300002500110362000900135520062700144650002400771122061 cEscola Canadense de Niteroi aLara, Gê10aTundé no Mundo da Lua a1.ed. aDivinópolis bil.c4 x 21 x 0.4 cm0 a2014 aTundé! E isso lá é nome de gente? Pode até não ser um nome, mas simboliza o voo da imaginação de uma criança, que ao desejar intensamente, pode transformar tudo em realidade, até mesmo uma viagem ao distante mundo da Lua. Foi através desta premissa que o músico e compositor Gê Lara, escreveu “Tundé no mundo da Lua”, livro que marca sua estreia literária e que conta a história de Tundé, um menino que através de seu forte desejo em conhecer a Lua, se esforça ao longo da vida para ultrapassar as barreiras impostas pela desconfiança de todos, mas sem nunca esquecer seu passado. 4aLiteratura Infantil